000 00696cam a2200217 4500500
005 20260405002716.0
041 _afre
042 _adc
100 1 0 _aMorel, François
_eauthor
245 0 0 _a« Si quelque dieu m’accordait de quitter cet âge pour retourner à l’enfance, je refuserais tout net »
260 _c2018.
500 _a58
690 _aÂge
690 _aCicéron
690 _aFrançois Morel
690 _aJeunesse
690 _aPierô
690 _aVieillesse
786 0 _nPhilosophie magazine | 119 | 5 | 2018-05-01 | p. 66-66 | 1951-1787
856 4 1 _uhttps://shs.cairn.info/magazine-philosophie-magazine-2018-5-page-66?lang=fr&redirect-ssocas=7080
999 _c2060323
_d2060322